000 00706nam a2200217Ia 4500
003 GCL
008 140319s9999 xx 000 0 ara d
040 _aGCL /
_cGCL
082 0 4 _a322.4
_bا م
100 1 _aاحمد عبدالعال الزقم
245 1 0 _aمن الاخوان المسلمين الى الشيوعية وحوار مع الجماعات الاسلامية /
_cاحمد عبدالعال الزقم
260 _a[S.N] :
_bالعربى للنشر والتوزيع
300 _a221 ص
490 _a
650 0 4 _aالعصر الحديث
650 0 4 _aمصر
650 0 4 _aتاريخ
650 0 4 _aالشيوعية
650 0 4 _aالاخوان المسلمون
942 _2ddc
_cBK
999 _c55186
_d55186